| 000 | 006410000a22001210004500 | ||
|---|---|---|---|
| 100 | 1 | _aPikaza Ibarrondo, Xabier (1941-) | |
| 245 | 1 | 0 | _aEl agua : Una reflexión teológica |
| 300 | _aVol.26, núm.1 (Primer semestre, 2006), Páginas 11-45 | ||
| 500 | _aDoctor en Teología y Filosofía | ||
| 520 | _aEs difícil trazar una reflexión teológica del agua, pues la tradición de la iglesia apenas ha tratado de ella, a pesar de la importancia del tema en la Biblia. Por eso he querido volver a la Biblia, para fundar desde ella una visión teológica del agua, partiendo del Antiguo Testamento. | ||
| 773 | 0 | _tVida y Pensamiento | |
| 942 | _cANA | ||
| 999 |
_c61524 _d61524 |
||